Sobre algunos colémbolos (Symphypleona) de Argentina /

Guardado en:
Autor Principal: Najt, Judith.
Otros Autores: Rapoport, Eduardo H.
Formato: Libro
Idioma:Spanish
Publicado: 1965.
Etiquetas: Agregar Etiqueta
Sin Etiquetas, Sea el primero en etiquetar este registro!
LEADER 00505nam a22001455a 4500
001 EEA.libagro001339
008 130809s1965####xx############000#0#spa#d
005 20191029122607.0
245 1 0 |a Sobre algunos colémbolos (Symphypleona) de Argentina /  |c Judith Najt, E.H. Rapoport. 
260 |c 1965. 
773 0 |t Revista de la Sociedad Entomológica Argentina.  |g v. 27, pp. 33-45. 
100 1 |a Najt, Judith. 
700 1 |a Rapoport, Eduardo H. 
082 0 4 |a 595.715 
859 |a AR-BbBCA  |b BIB. AGRONOMIA  |h S595.715  |i N162-1  |p 1974/0178